The setting sun
Novel by Dazai Osamu, published in 1947 as Shayo. It is a tragic, vividly painted story of life in postwar Japan. The narrator is Kazuko, a young woman born to gentility but now impoverished. Though she wears Western clothes, her outlook is Japanese; her life is static, and she recognizes that she i...
Đã lưu trong:
| Tác giả chính: | |
|---|---|
| Định dạng: | Sách |
| Ngôn ngữ: | Undetermined |
| Được phát hành: |
[Norfolk, Conn., ]
J. Laughlin
1956
|
| Những chủ đề: | |
| Các nhãn: |
Thêm thẻ
Không có thẻ, Là người đầu tiên thẻ bản ghi này!
|
| Thư viện lưu trữ: | Trung tâm Học liệu Trường Đại học Cần Thơ |
|---|
| LEADER | 01199nam a2200193Ia 4500 | ||
|---|---|---|---|
| 001 | CTU_113461 | ||
| 008 | 210402s9999 xx 000 0 und d | ||
| 082 | |a 895.635 | ||
| 082 | |b D277 | ||
| 100 | |a Dazai, Osamu | ||
| 245 | 4 | |a The setting sun | |
| 245 | 0 | |c Osamu Dazai; Translated by Donald Keene | |
| 260 | |a [Norfolk, Conn., ] | ||
| 260 | |b J. Laughlin | ||
| 260 | |c 1956 | ||
| 520 | |a Novel by Dazai Osamu, published in 1947 as Shayo. It is a tragic, vividly painted story of life in postwar Japan. The narrator is Kazuko, a young woman born to gentility but now impoverished. Though she wears Western clothes, her outlook is Japanese; her life is static, and she recognizes that she is spiritually empty. In the course of the novel she survives the deaths of her aristocratic mother and her sensitive, drug-addicted brother Naoji, an intellectual ravaged by his own and by society's spiritual failures. She also spends a sad, sordid night with the dissipated writer Uehara, and she conceives a child in the hope that it will be the first step in a moral revolution. | ||
| 650 | |a Japan fiction,Japan literature | ||
| 904 | |i M.Loan | ||
| 980 | |a Trung tâm Học liệu Trường Đại học Cần Thơ | ||